| 000 | 00478nam a22002057a 4500 | ||
|---|---|---|---|
| 001 | 22157 | ||
| 005 | 20260330110716.0 | ||
| 008 | 260330b |||||||| |||| 00| 0 spa d | ||
| 041 | _aESP | ||
| 082 |
_a345.5 _bC94 |
||
| 100 | _aCubas Villanueva, Victor | ||
| 245 | _aEl nuevo proceso de flagrancia | ||
| 260 |
_a : _b , _c2017 |
||
| 300 |
_a143 páginas : _b ; _c24 cm. |
||
| 440 | _a ; | ||
| 650 | _aDER | ||
| 654 | _aCDE | ||
| 700 | _a; | ||
| 942 |
_cLIB _dJUS _fJUS _n0 _2ddc |
||
| 999 |
_c22157 _d22157 |
||